Catálogo de la colección de grabados de los hijos de Jerónimo Faraudo
Descripción Física:
28 p. ; 32 cm
Otros Autores:
Faraudo i Condemines, Jeroni
Materias:
Gravat -- Catàlegs
MARC
| LEADER | 00000nam a2200000Ia 4500 | ||
|---|---|---|---|
| 001 | 20659 | ||
| 008 | 160829s1894 xx 000 0 cat d | ||
| 080 | |a 1943, exp. 5 | ||
| 245 | |a Catálogo de la colección de grabados de los hijos de Jerónimo Faraudo | ||
| 260 | |a Barcelona : |b Establecimiento Tipográfico de La Hormiga de Oro, |c 1894 | ||
| 300 | |a 28 p. ; |c 32 cm | ||
| 650 | |a Gravat |x Catàlegs |9 20433 | ||
| 700 | |a Faraudo i Condemines, Jeroni |9 48105 | ||
| 901 | |a Arxiu | ||
| 942 | |n 1 | ||
| 952 | |0 0 |1 0 |4 0 |6 1943_EXP_5 |7 1 |9 54328 |a Arxiu |b Arxiu |d 2016-12-01 |l 0 |o 1943, exp. 5 |p 20659 |r 2016-12-01 00:00:00 |w 2016-12-01 |y ARXIU | ||
| 999 | |c 58197 |d 58197 | ||